| 000 | 00359pab a2200121 454500 | ||
|---|---|---|---|
| 008 | 180718b xxu||||| |||| 00| 0 eng d | ||
| 100 | _aKee, James Edwin | ||
| 245 | _aThe crisis and anticrisis dynamic: rebalancing the American federal system | ||
| 650 | _aFederalism - U.S.A | ||
| 700 | _aShannon, John | ||
| 773 | _aPublic Administration Review | ||
| 909 | _a22166 | ||
| 999 |
_c22166 _d22166 |
||